Producción de larvas de peces: innovación y avances en la nutrición para contribuir al mejoramiento y escalamiento de los cultivos
Պահպանված է:
| Հիմնական հեղինակներ: | , , , |
|---|---|
| Ձևաչափ: | Գիրք |
| Լեզու: | իսպաներեն անգլերեն |
| Հրապարակվել է: |
Temuco
Universidad Católica de Temuco
2007
|
| Հրատարակություն: | 1a. ed |
| Խորագրեր: | |
| Ցուցիչներ: |
Ավելացրեք ցուցիչ
Չկան պիտակներ, Եղեք առաջինը, ով նշում է այս գրառումը!
|
MARC
| LEADER | 00000nam a2200000 a 4500 | ||
|---|---|---|---|
| 001 | UCI8967 | ||
| 003 | CL-VaPUC | ||
| 008 | 081016e20070000CL |||||||||||||||||spa|d | ||
| 020 | |a 9789567019342 | ||
| 041 | 0 | 7 | |a spa |2 CL-VaPUC |
| 041 | 0 | 7 | |a eng |2 CL-VaPUC |
| 082 | 0 | 4 | |a 639.311 |b DAN |2 21 |
| 100 | 0 | |a Dantagnan Dantagnan, Patricio |e author |9 532629 | |
| 700 | 0 | |a Bórquez Ramírez, Aliro |e author |9 532630 | |
| 700 | 0 | |a Valdebenito Isler, Iván |e author |9 532631 | |
| 700 | 0 | |a Hernández Arias, Adrián |e author |9 532632 | |
| 245 | 1 | 0 | |a Producción de larvas de peces: innovación y avances en la nutrición para contribuir al mejoramiento y escalamiento de los cultivos |
| 250 | |a 1a. ed | ||
| 300 | |a 185 p | ||
| 942 | |c BK | ||
| 945 | |d 20081016 00:00:00 |a rbrito | ||
| 260 | |a Temuco |b Universidad Católica de Temuco |c 2007 | ||
| 650 | 0 | |a Acuicultura |9 258883 | |
| 650 | 7 | |a LARVAS |2 CL-VaPUC |9 261232 | |
| 650 | 0 | |a Cultivo de peces |9 350529 | |
| 650 | 0 | |a Nutrición |9 259434 | |
| 650 | 0 | |a Industria pesquera |9 255432 | |
| 650 | 0 | |a Genética |9 259443 | |
| 583 | |a last modification |c 20081016 00:00:00 |k Rodrigo Vera | ||
| 999 | |c 331689 |d 331687 | ||
| 952 | |0 0 |1 0 |4 0 |6 639_311000000000000_DAN_2007 |7 0 |8 CCM |9 418699 |a BIBCUR |b BIBCUR |d 2019-11-22 |i 4488741 |o 639.311 DAN 2007 |p 4488741 |r 2025-04-22 |w 2019-11-22 |y BK_R |k CIM | ||
| 952 | |0 0 |1 0 |4 0 |6 639_311000000000000_DAN_2007 |7 0 |8 CCM |9 418700 |a BIBCUR |b BIBCUR |d 2019-11-22 |i 448875K |o 639.311 DAN 2007 |p 448875K |r 2025-04-22 |w 2019-11-22 |y BK_R |k CIM | ||